000 00905nam a2200241Ia 4500
003 OSt
005 20221213073903.0
008 210310s1964 mx gr 000 0 spa d
040 _aCO-JMCR
_cCO-JMCR
041 1 _aspa
_heng
082 0 4 _223
_a338.92 /
_bC614c
245 0 3 _aLa clase obrera y el desarrollo económico /
_crecopilación de Walter Galenson ; versión española de Eduardo Escalona
250 _aPrimera edición
260 _aMéxico :
_bLimusa-Wiley,
_c1964
300 _a405 páginas ;
_c23 cm
500 _aTítulo original: Labor and economic development
505 0 _aIndia -- Japón -- Egipto -- África occidental francesa -- Las Antillas británicas
650 1 4 _aClase trabajadora
_918755
_zMéxico
650 2 4 _aDesarrollo económico
_zMéxico
_942496
700 1 _aGalenson, Walter,
_ecompilador
_942497
700 1 _aEscalona, Eduardo,
_etraductor
_942498
942 _2ddc
_cBK
999 _c8953
_d8953